Modes of power and the re-conceptualization of elites /

Đã lưu trong:
Chi tiết về thư mục
Tác giả chính: Scott, John
Định dạng: Texto
Các nhãn: Thêm thẻ
Không có thẻ, Là người đầu tiên thẻ bản ghi này!

MARC

LEADER 00000 a a2200000 04500
001 41994
003
040
100 |a Scott, John  
245 |a Modes of power and the re-conceptualization of elites /  |c John Scott  
773 |g páginas 27-43  
999 |c 24832  |d 24832